| 000 | 01054ngm a2200265 a 4500 | ||
|---|---|---|---|
| 001 | vtls003234451 | ||
| 003 | MY-SjTCS | ||
| 005 | 20200226120842.0 | ||
| 007 | vd cvacrz | ||
| 008 | 120725s2012 mnu025 |00 vleng d | ||
| 039 | 9 |
_a201209201106 _bwilmina _y201207250931 _zmalathy |
|
| 082 | 0 | 4 |
_a618.24 _bPRE 2012 |
| 245 | 0 | 0 |
_aPrenatal & early childhood nutrition _h[videorecording] / _ccreated for Learning ZoneXpress by HappyFunTime Industries ; a Meridian Education presentation ; directors, Jenica Halula, Wes Halula ; producers, Jenica Halula, Wes Halula. |
| 246 | 3 | _aPrenatal and early childhood nutrition | |
| 260 |
_a[Owatonna, MN] : _bLearning ZoneXpress, _cc2012. |
||
| 300 |
_a1 videodisc (25 min.) : _bsd., col. ; _c4 3/4 in. |
||
| 511 | 0 | _aFeaturing: Melissa Halas-Liang. | |
| 538 | _aDVD. | ||
| 650 | 0 |
_aPregnancy _xNutritional aspects. _942621 |
|
| 650 | 0 |
_aInfants _xNutrition. _940437 |
|
| 700 | 1 |
_aHalula, Jenica. _963087 |
|
| 700 | 1 |
_aHalula, Wes, _d1971- _964662 |
|
| 700 | 1 |
_aHlas-Liang, Melissa. _989510 |
|
| 920 | _aBMS : 186770 | ||
| 999 | _c171912 | ||